Figure Out the Lyrics: TV Theme XI Quiz Stats

Quiz Updated Mar 25, 2016

Challenge
Share
Tweet
Embed
Score 0/102 Timer 07:00
0 Plays Today
% Correct
a
96.9%
a
96.9%
a
96.9%
a
96.9%
a
96.9%
a
96.9%
a
96.9%
the
95.7%
the
95.7%
the
95.7%
the
95.7%
the
95.7%
the
95.7%
the
95.7%
Is
74.5%
is
74.5%
is
74.5%
and
72.3%
he
71.5%
he
71.5%
he
71.5%
In
70.9%
in
70.9%
To
67.4%
of
61.4%
of
61.4%
of
61.3%
can.
56.2%
Can
56.2%
there!
48.8%
There
48.7%
at
42.1%
from
34.9%
time.
33.6%
% Correct
night,
32.8%
out
30%
here
29.5%
up.
29.1%
up.
29.1%
like
28%
Like
28%
just
26.9%
just
26.9%
Does
26.6%
his
26.3%
Look
25.3%
look
25.3%
him,
24.9%
goes
23.4%
any
20.9%
life
19.7%
Take
19%
comes
18.3%
got
17.9%
spider
17.3%
whatever
16.9%
Spider-Man,
16.7%
Spider-Man.
16.7%
Spider-Man.
16.7%
Spider-Man.
16.7%
Spider-Man,
16.7%
Spider-Man.
16.7%
Spider-Man.
16.7%
Spider-Man!
16.7%
he's
15.5%
he's
15.5%
light,
15%
web,
14.5%
% Correct
big
13.1%
Spins
11.3%
neighborhood
10.8%
find
9.7%
great
9.6%
Hey,
9.6%
swing
9.6%
flies.
9.1%
arrives
8.7%
crime.
8.4%
Catches
8.2%
You'll
8.2%
size.
7.8%
scene
7.5%
there's
7.5%
thieves
7.3%
strong?
7%
radioactive
7%
blood.
6.8%
Friendly
6.8%
Listen
6.8%
bang
6.2%
bud,
5.6%
streak
5.6%
overhead.
5.3%
chill
5.3%
thread?
5.2%
hang
5%
Wherever
4%
reward.
4%
action
3.8%
fame,
3.6%
Wealth
3.3%
ignored,
3.2%

You're not logged in!

Compare scores with friends on all Sporcle quizzes.
Sign Up with Email
OR
Log In

You Might Also Like...

Show Comments

Extras

Top Quizzes Today


Score Distribution

Your Account Isn't Verified!

In order to create a playlist on Sporcle, you need to verify the email address you used during registration. Go to your Sporcle Settings to finish the process.

Report this User

Report this user for behavior that violates our Community Guidelines.

Details: